[Event "London Chess Classic FIDE Open"]
[Site "London ENG"]
[Date "2010.12.08"]
[Round "1"]
[White "Kumar, Shankar"]
[Black "Remmler, Hans-Peter"]
[Result "0-1"]
[WhiteElo "1795"]
[BlackElo "2209"]
[WhiteFideId "15600149"]
[BlackFideId "4623266"]
[EventDate "2010.12.08"]

1. d4 Nf6 2. Nf3 e6 3. g3 d5 4. c4 dxc4 5. Bg2 Nc6 6. O-O Rb8 7. a4 Bb4 8. e3
O-O 9. Qc2 Qe7 10. Nbd2 e5 11. dxe5 Nxe5 12. Nxe5 Qxe5 13. Qxc4 c5 14. Qf4 Qxf4
15. exf4 Bf5 16. Nf3 Bd3 17. Rd1 Be2 18. Rd6 c4 19. Rd4 Bd3 20. f5 Rbc8 21. Ne5
Bc5 22. Rh4 Rfe8 23. Nxd3 cxd3 24. Bd2 Re2 25. Be3 Bxe3 26. fxe3 d2 27. Kf1 Rc1+
28. Rxc1 dxc1=Q+ 29. Kxe2 Qxb2+ 30. Kf3 Kf8 31. Rd4 Ke7 32. h3 Nd7 33. Bf1 Ne5+
34. Ke4 f6 35. g4 Qc2+ 36. Kd5 Qc6# 0-1

[Event "London Chess Classic FIDE Open"]
[Site "London ENG"]
[Date "2010.12.08"]
[Round "1"]
[White "Hodgson, John H"]
[Black "Haddock, Paul"]
[Result "1-0"]
[WhiteElo "2206"]
[BlackElo "1793"]
[WhiteFideId "403520"]
[BlackFideId "419150"]
[EventDate "2010.12.08"]

1. e4 c5 2. Nf3 d6 3. d4 cxd4 4. Nxd4 Nf6 5. Nc3 Nc6 6. Bg5 e6 7. Qd2 Be7 8.
O-O-O a6 9. f4 Qc7 10. Be2 Bd7 11. Nb3 b5 12. Bxf6 gxf6 13. Bh5 Rc8 14. Kb1 b4
15. Ne2 a5 16. Nbd4 Nxd4 17. Nxd4 Qc5 18. f5 O-O 19. Qh6 e5 20. Rd3 Kh8 21. Bg6
fxg6 22. fxg6 Rf7 23. gxf7 Bf8 24. Qxf6+ Bg7 25. Qf2 exd4 26. Rf1 Bb5 27. Rf3
Bf8 28. Rd1 a4 29. Rf5 Qc4 30. Qxd4+ Qxd4 31. Rxd4 Rc5 32. Rxb4 Rxf5 33. exf5
Bc6 34. Rg4 h5 35. Rg8+ Kh7 36. Rxf8 Kg7 37. Rc8 1-0

[Event "London Chess Classic FIDE Open"]
[Site "London ENG"]
[Date "2010.12.08"]
[Round "1"]
[White "Reutimann, Hans Peter"]
[Black "Grant, Jonathan I M"]
[Result "0-1"]
[WhiteElo "1792"]
[BlackElo "2201"]
[WhiteFideId "1313886"]
[BlackFideId "2400294"]
[EventDate "2010.12.08"]

1. d4 Nf6 2. Nf3 e6 3. Bf4 b6 4. e3 Bb7 5. Nbd2 Be7 6. c3 Nh5 7. Be5 d6 8. Bg3
Nd7 9. Qc2 a6 10. Be2 c5 11. Ne4 Nxg3 12. hxg3 g6 13. Rd1 d5 14. Ned2 Qc7 15.
Nh4 Bf6 16. Qb3 O-O 17. Nhf3 Rfe8 18. O-O e5 19. Rfe1 b5 20. a3 Re6 21. Nh2 exd4
22. Bg4 c4 23. Qa2 dxc3 24. bxc3 Re7 25. Bxd7 Rxd7 26. Qc2 Bg7 27. Nhf3 Re7 28.
Nd4 Rae8 29. N2f3 Qc5 30. Qa2 Rc7 31. Rd2 Bc8 32. Rb1 Bd7 33. Rbd1 Rb8 34. Ne2
Be6 35. Nfd4 Bg4 36. f3 Be6 37. Kf2 Re7 38. Rh1 Bd7 39. Rh4 Rbe8 40. Nc2 Bf5 0-1

[Event "London Chess Classic FIDE Open"]
[Site "London ENG"]
[Date "2010.12.08"]
[Round "1"]
[White "Harari, Zaki"]
[Black "Siddiqui, Nida Mishraz"]
[Result "1-0"]
[WhiteElo "2197"]
[BlackElo "1791"]
[WhiteFideId "2002639"]
[BlackFideId "7800495"]
[EventDate "2010.12.08"]

1. d4 Nf6 2. c4 g6 3. Nc3 Bg7 4. e4 d6 5. f3 O-O 6. Be3 Nbd7 7. Qd2 e5 8. d5 Nc5
9. Nge2 Ne8 10. b4 Na6 11. Rb1 f5 12. Nc1 fxe4 13. Nxe4 Bf5 14. Bd3 Qe7 15. Ne2
Bxe4 16. Bxe4 Nf6 17. Ng3 Nd7 18. O-O Nab8 19. Rfc1 c5 20. bxc5 Nxc5 21. Bxc5
dxc5 22. d6 Qd7 23. Bxb7 Nc6 24. Qd5+ Qf7 25. Bxc6 Rab8 26. Ne4 Qxd5 27. Bxd5+
Kh8 28. Kf2 Rfd8 29. Rd1 Rxb1 30. Rxb1 Bf8 31. Rb7 Bxd6 32. Nf6 1-0

[Event "London Chess Classic FIDE Open"]
[Site "London ENG"]
[Date "2010.12.08"]
[Round "1"]
[White "Staneland, Peter E"]
[Black "Spivack, Simon S Y"]
[Result "0-1"]
[WhiteElo "1787"]
[BlackElo "2189"]
[WhiteFideId "416576"]
[BlackFideId "404780"]
[EventDate "2010.12.08"]

1. Nf3 Nf6 2. c4 d6 3. d4 Nbd7 4. Nc3 e5 5. dxe5 dxe5 6. Bg5 c6 7. e3 Qa5 8.
Bxf6 Nxf6 9. Qc2 Bb4 10. Nd2 O-O 11. Bd3 Bg4 12. O-O Bxc3 13. bxc3 Rad8 14. Rab1
Qc7 15. f3 Be6 16. Rb2 Qe7 17. Kh1 Rd7 18. Nb3 e4 19. Be2 exf3 20. Rxf3 Bg4 21.
Rg3 Bxe2 22. Qxe2 Ne4 23. Nd4 Nxg3+ 24. hxg3 Qe5 25. Qg4 f5 26. Qg5 c5 27. Rb5
a6 28. Nf3 Qxc3 29. Rxc5 Qa1+ 30. Kh2 Qf6 31. Qf4 b6 32. Re5 Qg6 33. Nd4 Qh5+
34. Kg1 Qd1+ 35. Kh2 Rd6 36. Nxf5 Rxf5 0-1

[Event "London Chess Classic FIDE Open"]
[Site "London ENG"]
[Date "2010.12.08"]
[Round "1"]
[White "Ernst, Michael"]
[Black "Burnham, Frank"]
[Result "1-0"]
[WhiteElo "2169"]
[BlackElo "1750"]
[WhiteFideId "1618393"]
[BlackFideId "419516"]
[EventDate "2010.12.08"]

1. d4 Nf6 2. c4 d5 3. cxd5 Nxd5 4. e4 Nb6 5. Nc3 e6 6. Nf3 Be7 7. Be3 O-O 8. Be2
c6 9. O-O N8d7 10. Qb3 c5 11. Rfd1 cxd4 12. Bxd4 Bf6 13. e5 Be7 14. Rac1 a6 15.
Bd3 Kh8 16. Be4 Re8 17. Be3 Bf8 18. a4 f5 19. exf6 gxf6 20. a5 f5 21. Bb1 Nd5
22. Nxd5 exd5 23. Qxd5 Qe7 24. Rc7 Qd8 25. Qf7 Rxe3 26. Rdxd7 Bxd7 27. Rxd7 Re7
28. Rxd8 Rxd8 29. Qf6+ Bg7 30. Qxe7 Rd1+ 31. Ne1 Bxb2 32. Qf8# 1-0

[Event "London Chess Classic FIDE Open"]
[Site "London ENG"]
[Date "2010.12.08"]
[Round "1"]
[White "Quinn, John M"]
[Black "McKenna, John R"]
[Result "1-0"]
[WhiteElo "2149"]
[BlackElo "1669"]
[WhiteFideId "405043"]
[BlackFideId "406180"]
[EventDate "2010.12.08"]

1. d4 d5 2. c4 c6 3. Nf3 Nf6 4. Nc3 a6 5. c5 Nbd7 6. Bf4 Nh5 7. Bg5 g6 8. e3 Bg7
9. Be2 Qc7 10. Nd2 e5 11. Bxh5 exd4 12. exd4 gxh5 13. Qe2+ Kf8 14. Qe7+ Kg8 15.
Nf3 h6 16. Bh4 Qf4 17. Rd1 Kh7 18. O-O Rg8 19. Bg3 Qg4 20. Qxf7 Rf8 21. Qe7 Nf6
22. Rfe1 Bd7 23. h3 Qg6 24. Ne5 Qf5 25. Re3 Rae8 26. Qd6 Qe6 27. Qc7 Bc8 28. Ng6
Rf7 29. Rxe6 Rxc7 30. Rxe8 Nxe8 31. Bxc7 Nxc7 32. Nf4 Ne6 33. Nxe6 Bxe6 34. Re1
Bf5 35. Re7 Kg6 36. Ne2 Kf6 37. Rxb7 Bd3 38. Nf4 Bg6 39. Rb6 Be8 40. Nxd5+ 1-0

[Event "London Chess Classic FIDE Open"]
[Site "London ENG"]
[Date "2010.12.08"]
[Round "1"]
[White "Lie, Terje"]
[Black "Zymberi, Astrit"]
[Result "0-1"]
[WhiteElo "1626"]
[BlackElo "2148"]
[WhiteFideId "1504916"]
[BlackFideId "4700295"]
[EventDate "2010.12.08"]

1. d4 Nf6 2. c4 g6 3. Nf3 Bg7 4. g3 O-O 5. Bg2 d5 6. cxd5 Nxd5 7. O-O Nb6 8. Nc3
Nc6 9. e3 a5 10. b3 Bf5 11. a3 e5 12. Ne2 Qc8 13. Bb2 Rd8 14. Qc1 Bd3 15. Re1
Bxe2 16. Rxe2 exd4 17. exd4 a4 18. b4 Nxd4 19. Nxd4 Bxd4 20. Rd2 Bxb2 21. Rxd8+
Qxd8 22. Qxb2 c6 23. Qe2 Qf6 24. Rc1 Rd8 25. b5 cxb5 26. Qxb5 Rd2 27. Qe8+ Kg7
28. Qe3 Qb2 29. Qc3+ Qxc3 30. Rxc3 Rd1+ 31. Bf1 Nd5 32. Rc4 b5 33. Rc5 b4 34.
axb4 Nxb4 35. Ra5 Ra1 36. Kg2 Nc6 37. Ra8 a3 38. Bc4 Kf6 39. h4 Nb4 40. Kf3 Rc1
41. Rxa3 Rxc4 42. Rb3 h5 43. Ra3 Nc6 44. Ra2 Kf5 45. Rb2 Rc3+ 46. Kg2 Ne5 47.
Re2 f6 48. Ra2 Nd3 49. Rd2 g5 50. Ra2 g4 51. Ra5+ Rc5 52. Ra2 Rb5 53. Ra3 Ke4
54. Ra4+ Rb4 55. Ra6 f5 56. Re6+ Kd5 57. Re8 Rb1 58. Rd8+ Kc4 59. Rc8+ Kd4 60.
Rd8+ Ke4 61. Re8+ Ne5 62. Rh8 Rb2 63. Re8 f4 64. gxf4 Kxf4 65. Rf8+ Ke4 66. Rh8
Ng6 67. Re8+ Kf4 68. Kf1 Nxh4 69. Rf8+ Nf5 70. Re8 h4 71. Rf8 g3 72. fxg3+ hxg3
73. Rf7 Kg4 74. Rf8 Ne3+ 75. Ke1 Ng2+ 76. Kf1 Nf4 77. Rc8 Rb1+ 0-1

[Event "London Chess Classic FIDE Open"]
[Site "London ENG"]
[Date "2010.12.08"]
[Round "1"]
[White "Wheldon, Philip"]
[Black "Miu, Marinel"]
[Result "1/2-1/2"]
[WhiteElo "2125"]
[BlackElo "1582"]
[WhiteFideId "407402"]
[BlackFideId "1220691"]
[EventDate "2010.12.08"]

1. e4 e6 2. d4 d5 3. Nc3 Nf6 4. e5 Nfd7 5. f4 g6 6. Nf3 c5 7. Be3 a6 8. Qd2 b5
9. dxc5 Bxc5 10. Bxc5 Nxc5 11. Nd4 Qb6 12. b4 Ne4 13. Nxe4 dxe4 14. a4 bxa4 15.
Rxa4 O-O 16. c4 Bb7 17. c5 Qc7 18. Qe3 Nc6 19. Be2 Nxd4 20. Qxd4 Rfd8 21. Qe3
Qc6 22. Ra5 Rd7 23. O-O Rad8 24. Rfa1 Rd4 25. h3 Rxb4 26. Bxa6 Rbd4 27. Bxb7
Qxb7 28. Ra7 Qc6 29. Kh2 Qxc5 30. R1a5 Qc2 31. Ra8 Qd3 32. Ra3 Qxe3 33. Rxd8+
Rxd8 34. Rxe3 Rd4 35. Kg1 f5 36. exf6 Kf7 37. Kf2 Kxf6 38. Ra3 Kf5 39. Ke3 Rd5
40. g4+ Kf6 41. Ra7 g5 42. fxg5+ Kxg5 43. Rxh7 Kg6 44. Re7 Kf6 45. Rh7 Kg6 46.
Re7 Kf6 47. Rh7 1/2-1/2

[Event "London Chess Classic FIDE Open"]
[Site "London ENG"]
[Date "2010.12.09"]
[Round "2"]
[White "Rudd, Jack"]
[Black "Avrukh, Boris"]
[Result "0-1"]
[WhiteTitle "IM"]
[BlackTitle "GM"]
[WhiteElo "2253"]
[BlackElo "2625"]
[WhiteFideId "405736"]
[BlackFideId "2803895"]
[EventDate "2010.12.08"]

1. e4 e5 2. d4 exd4 3. Qxd4 Nc6 4. Qe3 Nf6 5. Nc3 Bb4 6. Bd2 O-O 7. O-O-O Re8 8.
Qg3 Nxe4 9. Nxe4 Rxe4 10. c3 Be7 11. f4 d5 12. Nf3 Bf5 13. Bd3 Qd7 14. Bxe4 Bxe4
15. Be3 Na5 16. Bd4 Bf8 17. b3 Qb5 18. Kb2 c5 19. Be5 Nc4+ 20. Ka1 Ne3 21. Ng5
Qe2 22. Rc1 Nc2+ 23. Rxc2 Bxc2 24. Re1 Qd3 25. Qg4 Qf5 0-1

[Event "London Chess Classic FIDE Open"]
[Site "London ENG"]
[Date "2010.12.09"]
[Round "2"]
[White "Gupta, Abhijeet"]
[Black "Ledger, Dave J"]
[Result "1-0"]
[WhiteTitle "GM"]
[BlackTitle "FM"]
[WhiteElo "2600"]
[BlackElo "2261"]
[WhiteFideId "5010608"]
[BlackFideId "401986"]
[EventDate "2010.12.08"]

1. d4 Nf6 2. Bg5 e6 3. Nd2 h6 4. Bh4 c5 5. e4 cxd4 6. e5 g5 7. Bg3 Nd5 8. Bc4
Nc6 9. Ne2 f5 10. exf6 Qxf6 11. Ne4 Qg7 12. O-O Nf6 13. Nd6+ Bxd6 14. Bxd6 Ne4
15. Ba3 d6 16. f3 Nc5 17. b4 d5 18. Bb5 Nd7 19. Bxc6 bxc6 20. Nxd4 Ne5 21. b5
Nc4 22. Bc5 cxb5 23. Re1 Qf7 24. Nxe6 1-0

[Event "London Chess Classic FIDE Open"]
[Site "London ENG"]
[Date "2010.12.09"]
[Round "2"]
[White "White, Michael J R"]
[Black "Jones, Gawain C B"]
[Result "0-1"]
[WhiteTitle "FM"]
[BlackTitle "GM"]
[WhiteElo "2247"]
[BlackElo "2575"]
[WhiteFideId "407380"]
[BlackFideId "409561"]
[EventDate "2010.12.08"]

1. d4 Nf6 2. c4 g6 3. Nc3 Bg7 4. e4 d6 5. Be2 O-O 6. Bg5 c5 7. d5 e6 8. Qd2 exd5
9. exd5 a6 10. a4 Qa5 11. Ra2 Qb4 12. h3 Re8 13. Be3 Nbd7 14. a5 Ne4 15. Nxe4
Rxe4 16. Qxb4 cxb4 17. Nf3 Nc5 18. Bxc5 dxc5 19. Kd1 b3 20. Ra3 Bxb2 21. Rxb3
Bf6 22. Bd3 Re8 23. Kc2 Rb8 24. Rhb1 Bd8 25. Ra3 Bd7 26. Nd2 f5 27. Nf3 Kg7 28.
Re1 Rxe1 29. Nxe1 Bh4 30. g3 Bf6 31. f4 Re8 32. Kd2 g5 33. Nf3 g4 34. hxg4 fxg4
35. Ne1 h5 36. Ng2 Bd8 37. Ne3 Kf6 38. Be2 Bc8 39. Bd1 Kf7 40. Kd3 Bf6 41. Rb3
Bd8 42. Ra3 Rh8 43. Kd2 Re8 44. Kd3 Rg8 45. Ra2 Rg7 46. Ke4 Kf6 47. Rh2 Re7+ 48.
Kd3 Kg6 49. Ra2 Bc7 50. Ng2 Kf6 51. Ne3 Re8 52. Rh2 Kg6 53. Ra2 h4 54. Bxg4 Bxg4
55. Nxg4 hxg3 56. Rb2 Bxf4 57. Rxb7 Kf5 58. Rg7 Bg5 59. Rxg5+ Kxg5 60. Ne3 Kf4
61. Ng2+ Kf3 62. Nh4+ Kf2 0-1

[Event "London Chess Classic FIDE Open"]
[Site "London ENG"]
[Date "2010.12.09"]
[Round "2"]
[White "Greenfeld, Alon"]
[Black "Chapman, Terry P D"]
[Result "1-0"]
[WhiteTitle "GM"]
[WhiteElo "2564"]
[BlackElo "2249"]
[WhiteFideId "2800039"]
[BlackFideId "413399"]
[EventDate "2010.12.08"]

1. d4 Nf6 2. Nf3 c5 3. d5 b5 4. Bg5 Ne4 5. Bh4 Bb7 6. Nfd2 Bxd5 7. Nxe4 Bxe4 8.
Nc3 Bc6 9. e4 Qa5 10. a4 bxa4 11. Bc4 Na6 12. O-O Nc7 13. f4 Qb4 14. Qd3 e6 15.
Nd5 Bxd5 16. exd5 d6 17. dxe6 fxe6 18. f5 e5 19. Qe4 Qb6 20. f6 g5 21. f7+ Kd7
22. Bxg5 Be7 23. Qg4+ 1-0

[Event "London Chess Classic FIDE Open"]
[Site "London ENG"]
[Date "2010.12.09"]
[Round "2"]
[White "Willmoth, Robert F"]
[Black "Hebden, Mark L"]
[Result "0-1"]
[BlackTitle "GM"]
[WhiteElo "2238"]
[BlackElo "2560"]
[WhiteFideId "402540"]
[BlackFideId "400084"]
[EventDate "2010.12.08"]

1. b3 e5 2. Bb2 d6 3. g3 c5 4. Bg2 Nc6 5. e4 f5 6. d3 Nf6 7. Ne2 Be7 8. Nbc3 O-O
9. h3 Rb8 10. Nd5 Nxd5 11. exd5 Nd4 12. c3 Nxe2 13. Qxe2 Bg5 14. f3 b5 15. h4
Bh6 16. Qf2 c4 17. dxc4 bxc4 18. b4 a5 19. a3 Bd7 20. Qe2 Qb6 21. Bc1 Bxc1 22.
Rxc1 axb4 23. cxb4 Ra8 24. Rc3 Rxa3 25. Qb2 Ra4 26. Qd2 Rfa8 27. Ke2 Ra2 28. Rc2
Rxc2 29. Qxc2 c3 0-1

[Event "London Chess Classic FIDE Open"]
[Site "London ENG"]
[Date "2010.12.09"]
[Round "2"]
[White "Williams, Simon K"]
[Black "Coleman, David J"]
[Result "1-0"]
[WhiteTitle "GM"]
[BlackTitle "CM"]
[WhiteElo "2493"]
[BlackElo "2247"]
[WhiteFideId "404454"]
[BlackFideId "402087"]
[EventDate "2010.12.08"]

1. e4 c5 2. Nf3 d6 3. d4 cxd4 4. Nxd4 Nf6 5. Nc3 a6 6. Bg5 e6 7. f4 Be7 8. Qf3
Qc7 9. O-O-O Nbd7 10. Bd3 h6 11. Qh3 Nb6 12. Rhe1 e5 13. Nf5 Bxf5 14. exf5 O-O-O
15. Bxf6 Bxf6 16. fxe5 Bxe5 17. f6+ Kb8 18. fxg7 Bxg7 19. Be4 Rhe8 20. Nd5 Qc5
21. Qb3 Nc4 22. c3 Rc8 23. Nb4 Qg5+ 24. Kb1 Rxe4 25. Rxe4 Nd2+ 26. Rxd2 Qxd2 27.
Qc2 Qg5 28. Qd3 Qxg2 29. Qxd6+ Ka8 30. Re7 Bf8 31. Nd5 Qf1+ 32. Kc2 Qf5+ 33. Kd2
Bxe7 34. Nb6+ Ka7 35. Nxc8+ Qxc8 36. Qxe7 Qf5 37. Qe3+ b6 38. Qxh6 Qf2+ 39. Kc1
Qe1+ 40. Kc2 Qe4+ 41. Kd1 Qb1+ 42. Qc1 Qxa2 43. c4 Qb3+ 44. Qc2 Qh3 45. Qe2 Qf5
46. Ke1 Kb7 47. h4 Qa5+ 48. Kf2 Qc5+ 49. Kg2 Kc7 50. Qd3 Qh5 51. Qd4 a5 52. Kg3
a4 53. Qf4+ Kd8 54. Qf6+ Ke8 55. Kf4 Kf8 56. Qd8+ Kg7 57. Qg5+ Qg6 58. h5 Qxg5+
59. Kxg5 1-0

[Event "London Chess Classic FIDE Open"]
[Site "London ENG"]
[Date "2010.12.09"]
[Round "2"]
[White "Gormally, Daniel W"]
[Black "Anderton, Matthew N"]
[Result "1-0"]
[WhiteTitle "GM"]
[WhiteElo "2470"]
[BlackElo "2227"]
[WhiteFideId "406465"]
[BlackFideId "403237"]
[EventDate "2010.12.08"]

1. d4 e6 2. Nf3 Nf6 3. c4 c5 4. d5 exd5 5. cxd5 d6 6. Nc3 g6 7. e4 Bg7 8. h3 O-O
9. Bd3 a6 10. O-O b5 11. Re1 Re8 12. Bf4 Bb7 13. Qd2 Qb6 14. Bh6 c4 15. Bxg7
Kxg7 16. Bc2 Nbd7 17. Nd4 Kh8 18. Re3 Ne5 19. Rae1 b4 20. Na4 Qa7 21. Qxb4 Qxd4
22. Qxb7 Nd3 23. Bxd3 cxd3 24. Nc3 Ra7 25. Qc6 Rae7 26. Qxd6 d2 27. Rd1 Nxe4 28.
Nxe4 Rxe4 29. Rxd2 Qc4 30. Rxe4 Qxe4 31. Qf6+ Kg8 32. Kh2 1-0

[Event "London Chess Classic FIDE Open"]
[Site "London ENG"]
[Date "2010.12.09"]
[Round "2"]
[White "McDonald, Neil"]
[Black "Haydon, David L"]
[Result "0-1"]
[WhiteTitle "GM"]
[WhiteElo "2449"]
[BlackElo "2218"]
[WhiteFideId "400629"]
[BlackFideId "415405"]
[EventDate "2010.12.08"]

1. Nf3 c5 2. c4 Nc6 3. g3 g6 4. Bg2 Bg7 5. O-O Nf6 6. Nc3 O-O 7. d4 d6 8. d5 Na5
9. Nd2 e6 10. Qc2 Rb8 11. a4 a6 12. Rb1 exd5 13. cxd5 c4 14. b4 cxb3 15. Nxb3
Bd7 16. Nd2 Rc8 17. Bb2 Bf5 18. e4 Nxd5 19. exf5 Nxc3 20. Bxc3 Rxc3 21. Qa2 d5
22. fxg6 hxg6 23. Rfe1 Qc7 24. Nf3 Qc5 25. Ne5 Rc2 26. Qxd5 Qxf2+ 27. Kh1 Rc5
28. Ng4 Qxe1+ 29. Rxe1 Rxd5 30. Bxd5 Rd8 31. Bf3 Kf8 32. Rb1 Rd4 33. Bd1 Nc4 34.
Nf2 Ne3 35. Bf3 Rxa4 36. Bxb7 Ra2 37. Ne4 Ng4 38. Rd1 Rxh2+ 39. Kg1 Ra2 40. Bc6
Bh6 41. Rd8+ Kg7 42. Nd6 Be3+ 43. Kf1 Rf2+ 0-1

[Event "London Chess Classic FIDE Open"]
[Site "London ENG"]
[Date "2010.12.09"]
[Round "2"]
[White "Wallace, Paul"]
[Black "Roy Chowdhury, Saptarshi"]
[Result "1/2-1/2"]
[BlackTitle "IM"]
[WhiteElo "2231"]
[BlackElo "2448"]
[WhiteFideId "2500892"]
[BlackFideId "5002974"]
[EventDate "2010.12.08"]

1. e4 c5 2. Nf3 Nc6 3. d4 cxd4 4. Nxd4 e5 5. Nb5 d6 6. c4 Be7 7. N1c3 a6 8. Na3
f5 9. exf5 Bxf5 10. Bd3 Be6 11. O-O Nf6 12. Nc2 O-O 13. b3 Kh8 14. Bb2 Qd7 15.
Ne3 Rae8 16. Ncd5 Bd8 17. Nxf6 Rxf6 18. Nd5 Bxd5 19. cxd5 Ne7 20. Be4 Bb6 21.
Kh1 Ref8 22. f3 Nf5 23. Bxf5 Qxf5 24. Rc1 Rh6 25. Rc4 Qh5 26. h3 Qf7 27. Qd3 Rf6
28. Kh2 Rf5 29. Rfc1 Qd7 30. Qc2 R5f7 31. Qd3 Kg8 32. R1c2 g6 33. Bc1 Kg7 34.
Be3 Bxe3 35. Qxe3 Qb5 36. Qd2 Qb6 37. Qf2 Qd8 38. Qd2 Re8 39. Qc1 Qa5 40. Qd2
Qb6 41. Qb4 Qd8 42. Qd2 Qd7 43. Qb4 Qd8 44. a4 Rd7 45. a5 Qf6 46. Rc7 Ree7 47.
Qxb7 Qf4+ 48. Kh1 Qf7 49. Rxd7 Rxd7 50. Qc6 Kh6 51. Rc4 Rd8 52. b4 Qa7 53. Qb6
Qe7 54. Qxa6 Rf8 55. Qb6 Rf4 56. Qe3 g5 57. Rxf4 gxf4 58. Qb6 Kh5 59. a6 e4 60.
fxe4 Qxe4 61. a7 f3 62. a8=Q fxg2+ 63. Kg1 1/2-1/2

[Event "London Chess Classic FIDE Open"]
[Site "London ENG"]
[Date "2010.12.09"]
[Round "2"]
[White "Summerscale, Aaron P"]
[Black "Hodgson, John H"]
[Result "1-0"]
[WhiteTitle "GM"]
[WhiteElo "2434"]
[BlackElo "2206"]
[WhiteFideId "400980"]
[BlackFideId "403520"]
[EventDate "2010.12.08"]

1. d4 Nf6 2. c4 g6 3. Nc3 d5 4. Nf3 Bg7 5. Bf4 O-O 6. Rc1 dxc4 7. e4 Bg4 8. Bxc4
Bxf3 9. gxf3 Nh5 10. Be3 e5 11. dxe5 Bxe5 12. Qxd8 Rxd8 13. O-O Nd7 14. Ne2 Bxb2
15. Rb1 Ne5 16. Rxb2 Nxc4 17. Rxb7 Nxe3 18. fxe3 Rd2 19. Nc3 Rc2 20. Rxc7 Ng7
21. Nd5 Rxc7 22. Nxc7 Rc8 23. Nd5 Rc2 24. Nf6+ Kh8 25. Rb1 Ne6 26. f4 Kg7 27. e5
Rxa2 28. Rb8 Nf8 29. Ne8+ Kg8 30. Rb7 Re2 31. Nd6 Rxe3 32. Kf2 Ra3 33. Rxf7 Ne6
34. Rf6 Nd4 35. Ne4 Ra2+ 36. Ke3 Nf5+ 37. Kd3 Ra3+ 38. Nc3 Kg7 39. Rc6 a5 40.
Rc7+ Kg8 41. Kd2 h5 42. e6 h4 43. Nd5 Ra2+ 44. Kc3 Rxh2 45. Nf6+ Kf8 1-0

[Event "London Chess Classic FIDE Open"]
[Site "London ENG"]
[Date "2010.12.09"]
[Round "2"]
[White "Osborne, Marcus E"]
[Black "Grover, Sahaj"]
[Result "0-1"]
[BlackTitle "IM"]
[WhiteElo "2229"]
[BlackElo "2432"]
[WhiteFideId "404608"]
[BlackFideId "5021103"]
[EventDate "2010.12.08"]

1. d4 e6 2. c4 Nf6 3. Nc3 Bb4 4. Qc2 O-O 5. e4 d6 6. a3 Bxc3+ 7. bxc3 c5 8. Bd3
Nc6 9. Ne2 e5 10. d5 Ne7 11. Ng3 h6 12. Be3 Bd7 13. O-O a6 14. a4 Rb8 15. f3 Qc7
16. Qc1 Ne8 17. Nf5 Nxf5 18. exf5 Qd8 19. g4 Qh4 20. Ra2 Nf6 21. Bf2 Qh3 22. Bg3
h5 23. g5 Nh7 24. g6 fxg6 25. fxg6 Nf6 26. Qg5 e4 27. fxe4 Nxe4 28. Qe7 Nf6 29.
Rf4 Rbe8 30. Qxd6 Re3 31. Rh4 Rxd3 32. Rxh3 Bxh3 33. Re2 Rd1+ 34. Be1 Ne8 0-1

[Event "London Chess Classic FIDE Open"]
[Site "London ENG"]
[Date "2010.12.09"]
[Round "2"]
[White "Stone, Andrew M"]
[Black "Slavin, Alexei"]
[Result "0-1"]
[BlackTitle "IM"]
[WhiteElo "2223"]
[BlackElo "2425"]
[WhiteFideId "404985"]
[BlackFideId "24104388"]
[EventDate "2010.12.08"]

1. e4 c5 2. Nf3 Nc6 3. Bb5 g6 4. c3 Bg7 5. d4 Qb6 6. a4 cxd4 7. O-O d3 8. Bxd3
d6 9. Na3 Nf6 10. Be3 Qc7 11. h3 O-O 12. Nb5 Qd8 13. c4 Nd7 14. Nc3 Nc5 15. Bxc5
dxc5 16. Qe2 Nd4 17. Nxd4 cxd4 18. Nb1 Qd6 19. f4 e5 20. f5 Bh6 21. Kh1 Qb4 22.
Qc2 Bd7 23. b3 Rac8 24. Qb2 Rfe8 25. g4 gxf5 26. gxf5 Kh8 27. Na3 Rg8 28. Rg1
Be3 29. Rg4 Rxg4 30. hxg4 Rg8 31. Be2 h5 32. Bf3 hxg4 33. Qh2+ Kg7 34. Bxg4 Rh8
35. Bh5 Kf6 36. Rg1 Qd2 37. Qh4+ Bg5 38. Qg4 Qf4 39. Qh3 Bc6 40. Qg2 Rxh5+ 0-1

[Event "London Chess Classic FIDE Open"]
[Site "London ENG"]
[Date "2010.12.09"]
[Round "2"]
[White "Remmler, Hans-Peter"]
[Black "Thomassen, Joachim"]
[Result "0-1"]
[BlackTitle "IM"]
[WhiteElo "2209"]
[BlackElo "2418"]
[WhiteFideId "4623266"]
[BlackFideId "1504991"]
[EventDate "2010.12.08"]

1. c4 g6 2. e4 Bg7 3. d4 d6 4. Nc3 Nf6 5. Nf3 O-O 6. Be2 Na6 7. O-O e5 8. Be3
Ng4 9. Bg5 Qe8 10. h3 h6 11. hxg4 hxg5 12. dxe5 Bxe5 13. Nxe5 Qxe5 14. g3 Be6
15. Qd2 c6 16. Rad1 Rad8 17. Kg2 f6 18. a3 Bf7 19. Rh1 Nc5 20. f4 Qe7 21. Bd3
Kg7 22. b4 Nxd3 23. Qxd3 Qe6 24. Qf3 gxf4 25. Qxf4 g5 26. Qf5 Qxf5 27. gxf5 Bxc4
28. Rd4 d5 29. Rhd1 Bb3 30. R1d2 Rd7 31. exd5 Rfd8 32. d6 b6 33. Kf2 c5 34. bxc5
bxc5 35. R4d3 Bc4 36. Re3 Bf7 37. Red3 Bc4 38. Re3 Rxd6 39. Rxd6 Rxd6 40. Re7+
Kf8 41. Rxa7 Rd2+ 42. Kg1 Rc2 43. Na4 Bd3 44. Rc7 c4 45. g4 Be2 46. Rc6 Kf7 47.
Nb6 Bxg4 48. Rc7+ Kf8 49. Rc8+ Ke7 50. Rc7+ Kd6 51. Rf7 0-1

[Event "London Chess Classic FIDE Open"]
[Site "London ENG"]
[Date "2010.12.09"]
[Round "2"]
[White "Grant, Jonathan I M"]
[Black "Astaneh Lopez, Alex"]
[Result "0-1"]
[BlackTitle "FM"]
[WhiteElo "2201"]
[BlackElo "2405"]
[WhiteFideId "2400294"]
[BlackFideId "2501430"]
[EventDate "2010.12.08"]

1. c4 c5 2. g3 Nc6 3. Bg2 g6 4. Nc3 Bg7 5. e4 Nf6 6. Nge2 O-O 7. O-O Ne8 8. d3
Nc7 9. Be3 Ne6 10. Qd2 d6 11. Bh6 a6 12. Bxg7 Kxg7 13. f4 Ned4 14. f5 Bd7 15.
Nxd4 cxd4 16. Nd5 f6 17. h4 Rg8 18. b4 Kh8 19. Kh2 Ne5 20. a4 Qf8 21. Ra3 Qg7
22. Qe1 Raf8 23. Bh3 gxf5 24. exf5 Bxa4 25. Nf4 Bd7 26. Ne2 Rf7 27. Nxd4 Qh6 28.
Nf3 Bc6 29. Nxe5 fxe5 30. Ra2 Rfg7 31. g4 Rxg4 32. b5 Rxh4 0-1